000
00324nam a2200145Ia 4500
005
20250514011411.0
008
240331s9999 xx 000 0 und d
082
_a
200.042
_b
PER
100
_a
Perera, P
245
0
_a
Api budu wenawa
260
_a
Colombo
_b
Pear perera
300
_a
60 p .,
650
_a
Buddhism
942
_c
L
999
_c
791
_d
791